| 000 | 00834nam a2200253Ia 4500 | ||
|---|---|---|---|
| 003 | GCL | ||
| 008 | 140319s9999 xx 000 0 ara d | ||
| 040 |
_aGCL / _cGCL |
||
| 082 | 0 | 4 |
_a301.21 _bم ك |
| 100 | 1 | _aالمؤسسة العامة للدراسات والنشر | |
| 245 | 1 | 0 |
_aعبدالناصر وما بعد / _cالمؤسسة العامة للدراسات والنشر |
| 260 |
_a[S.N] : _bالمؤسسة العربية للدراسات والنشر ، _c1993 |
||
| 300 | _a428 ص | ||
| 490 | _a | ||
| 650 | 0 | 4 | _aالعصر الحديث |
| 650 | 0 | 4 | _aمصر |
| 650 | 0 | 4 | _aالعالم العربى |
| 650 | 0 | 4 | _aالاحوال السياسية |
| 650 | 0 | 4 | _aمقالات ومحاضرات |
| 650 | 0 | 4 | _aالتاريخ |
| 650 | 0 | 4 | _aالناصرية |
| 650 | 0 | 4 | _aجمال عبدالناصر |
| 942 |
_2ddc _cBK |
||
| 999 |
_c30444 _d30444 |
||